| 000 | 01466nam a22003737a 4500 | ||
|---|---|---|---|
| 003 | CHAP | ||
| 005 | 20220817044528.0 | ||
| 008 | 120615s2011 mx r 00010 spa d | ||
| 010 | _a103366 | ||
| 011 | _a104338 | ||
| 035 | _a115028 | ||
| 040 | _cCHAP | ||
| 090 | _aTesis | ||
| 100 | 1 |
_aVásquez Cruz, Edgar Iván. _9120231 |
|
| 245 | 1 | 0 |
_aAlternativas para el mejoramiento de la floricultura de Santiago Yaitepec, Oaxaca _h[En línea] _c/por Edgar Iván Vásquez Cruz |
| 260 |
_aChapingo, Méx. : _bEl autor, _c2011 |
||
| 500 | _aPara ver el contenido del material haga clic en la liga | ||
| 502 | _aTesis (Ing. Agr. Esp. en Zonas Tropicales) -- UACH. Centro Regional Universitario Sur | ||
| 590 |
_aALEPH _b10 _c20130110 _lUCH01 _h1545 |
||
| 590 |
_aBATCH-UPD _b10 _c20130110 _lUCH01 _h1307 |
||
| 590 |
_aBATCH-UPD _b10 _c20130410 _lUCH01 _h0822 |
||
| 590 |
_aBATCH-UPD _b10 _c20130914 _lUCH01 _h1417 |
||
| 590 |
_aBATCH-UPD _b10 _c20140324 _lUCH01 _h1530 |
||
| 590 |
_aBATCH-UPD _b10 _c20141002 _lUCH01 _h0853 |
||
| 590 |
_aCONVERSION _b10 _c20130109 _lUCH01 _h1357 |
||
| 650 | 0 | 4 |
_aFlores _xMejoramiento. _941387 |
| 650 | 0 | 4 |
_aFlores _xProducción. |
| 650 | 0 | 4 |
_aFloricultura _xOaxaca. _941846 |
| 856 |
_3Finding aid _uhttp://10.13.5.2/tesis/115028.pdf _zTeclea aqui |
||
| 901 | _aBK | ||
| 942 | _cFOLL | ||
| 949 |
_aTesis _bBC _cTES _d33724002327306 _eTS1 _gDonaciØn _h53453 _i115028 _sb |
||
| 949 |
_aTesis _bBC _cTES _d33724002327347 _eTS2 _fc.2 _gDonaciØn _h53454 _i115028 _sb |
||
| 999 |
_c103366 _d103366 |
||